000
00301nam a22001337a 4500
003
SGT
082
_a
615.53
_b
A13N
100
_a
NISHTESWAR , K, ED
245
_a
AYURVEDIYA AUSHADHI YOGA PRAKASH
260
_a
VARANASI
_b
CHAUKHAMBHA PUB
_c
2013
300
_a
264
650
_a
AYURVEDA
942
_2
ddc
_c
BK
999
_c
8530
_d
8530